000 01296ny a22003373n 4500
005 20240305165318.0
008 960213s1993 sp s 000 0 spa c
017 _aZ2630-93
020 _a8476982631
035 _a1153
040 _aUCM.DER
_dvLex
040 _aUMA.RE
_dvLex
080 _a334.73:347.7(460)
080 _a334.73:347.7(460.23)
080 _a347.7:334.73(460)
080 _a347.7:334.73(460.23)
090 _c520
_d520
100 1 _aBorjabad Gonzalo, Primitivo
245 1 0 _aManual de derecho cooperativo general y catalán
_h[Recurso electrónico]
_cPrimitivo Borjabad Gonzalo
256 _aServicio en línea
260 _aBarcelona :
_bJose Maria Bosch,
_c1993
300 _a534 p. ;
_c24 cm
504 _aBibliografía
506 1 _aContenido solo disponible en los productos indicados
_dvLex Global
_dvLex Global (Academic Edition, excluding Law Schools)
_dvLex Global (U.S. Academic Edition, Law Schools)
_dvLex Global (U.S. Academic Edition, excluding Law Schools)
_dvLex Global (Academic Edition, Law Schools)
650 0 7 _aCooperativas
_2Tesauro vLex
650 0 7 _aCivil
_2Tesauro vLex
650 0 7 _aSociedades cooperativas
_2Tesauro vLex
740 0 _avLex Libros (Servicios en línea)
856 4 0 _uhttps://app.vlex.com/#/sources/1153
942 _cRAA
999 _c159045
_d159045